000 00450nam a2200181Ia 4500
001 8344
005 20260306160602.0
008 260306t2007||||xx |||||||||||||| ||spa||
041 _aESP
082 _a370.3
_bT26
100 _aTenutto, Marta
_eAUT
245 0 _aEscuela para maestros:
_benciclopedia de pedagogía práctica
260 _c2007
300 _a1024 páginas :
_c28 cm.
650 _aGEN
654 _aCED
942 _cLIB
_dJUS
_fJUS
_2ddc
_n
999 _c8344
_d8344